• 首页
  • 本馆介绍
  • 公告通知
  • 最新文献
  • 馆藏检索
  • 电子资源
  • 读者导购
  • 参考咨询
  • 我的图书馆
  • 登录
  • 详细信息显示
  • 放入我的书架
  • 预约/预借图书
  • 作者相关作品
  • 分类相关作品
  • 丛书相关作品
  • 出版社相关作品

书目信息

  • 表格格式
  • 工作单格式
  • 卡片格式
题名:
老行当
    
 
作者: 朴尔敏 , 扎西·刘 著
分册:  
出版信息: 北京   中国旅游出版社  2005
页数: [153]页
开本: 23cm
丛书名: 即将逝去的生活
单 册:
中图分类: D669.2
科图分类:
主题词: 职业--简介--中国--通俗读物 , 职业
电子资源:
ISBN: 7-5032-2650-1
000 00901oam2 2200277 450
001 003030083
005 20100325102601.70
010    @a7-5032-2650-1@dCNY28.00
100    @a20051103d2005 em y0chiy0110 ea
101 0  @achi
102    @aCN@b110000
105    @aa z 000yy
106    @ar
200 1  @a老行当@9lao hang dang@f朴尔敏,扎西·刘著
210    @a北京@c中国旅游出版社@d2005
215    @a[153]页@c照片@d23cm
225 2  @a即将逝去的生活
330    @a本书图文并茂地介绍了“弹棉花”、“货郎”、“捏面人”、“剃头匠”、“拉洋片”、“虎头鞋”等反映娱乐业、服务业、制造修补业、饮食业正逐渐趋向消失的职业。
461  0 @12001 @a即将逝去的生活
606 0  @a职业@x简介@y中国@j通俗读物
606 0  @a职业
690    @aD669.2@v4
701  0 @a朴尔敏@9piao er min@c(女,@f1979~)@4著
701  0 @a扎西·刘@9zha xi liu@4著
801  0 @aCN@bNLC@c20100325
905    @b799183-85@dD669.2@e113@f3
    
    老行当/朴尔敏,扎西·刘著.-北京:中国旅游出版社,2005
    [153]页:照片;23cm.-(即将逝去的生活)
    
    
    ISBN 7-5032-2650-1:CNY28.00
    本书图文并茂地介绍了“弹棉花”、“货郎”、“捏面人”、“剃头匠”、“拉洋片”、“虎头鞋”等反映娱乐业、服务业、制造修补业、饮食业正逐渐趋向消失的职业。
●
相关链接 在E读中查询图书 在五车中查询图书 在当当中查询图书 在豆瓣中查询图书


正题名:老行当     索取号:D669.2/113         预约/预借

序号 登录号 条形码 馆藏地/架位号 状态 备注
1 799183   207991833   第一样本阅览室/ [索取号:D669.2/113] 在馆    
2 799184   207991841   第一借阅区/ [索取号:D669.2/113] 在馆    
3 799185   207991850   第一借阅区/ [索取号:D669.2/113] 在馆    
唐山师范学院图书馆 欢迎您!
大连网信软件有限公司© 版权所有